University Home | Library Home | Institutional Repository

Understanding statistical reasoning; (Record no. 62850)

MARC details
000 -LEADER
fixed length control field 00850cam0a220024100 4500
001 - CONTROL NUMBER
control field lce00862974
008 - FIXED-LENGTH DATA ELEMENTS--GENERAL INFORMATION
fixed length control field 730807c19731974caua b 001 0 eng
010 ## - LIBRARY OF CONGRESS CONTROL NUMBER
LC control number 73013647
020 ## - INTERNATIONAL STANDARD BOOK NUMBER
International Standard Book Number 0716708388
-- 071670837X (pbk.)
035 ## - SYSTEM CONTROL NUMBER
System control number (Sirsi) r33170
035 ## - SYSTEM CONTROL NUMBER
System control number (DLC) 73013647
035 ## - SYSTEM CONTROL NUMBER
System control number (UPRA)lce00862974
050 0# - LIBRARY OF CONGRESS CALL NUMBER
Classification number HA29
Item number .W523
082 ## - DEWEY DECIMAL CLASSIFICATION NUMBER
Classification number 001.4/22
100 1# - MAIN ENTRY--PERSONAL NAME
Personal name Willemsen, Eleanor Walker, 1938-
Dates associated with a name Willemsen, Eleanor Walker, 1938-
Linkage A96894.1
245 10 - TITLE STATEMENT
Title Understanding statistical reasoning;
Remainder of title how to evaluate research literature in the behavioral sciences.
260 ## - PUBLICATION, DISTRIBUTION, ETC.
Place of publication, distribution, etc. San Francisco,
Name of publisher, distributor, etc. W. H. Freeman
Date of publication, distribution, etc. [1973, c1974]
490 0# - SERIES STATEMENT
Series statement A Series of books in psychology
Linkage S19697.2
504 ## - BIBLIOGRAPHY, ETC. NOTE
Bibliography, etc. note Includes bibliographical references.
650 #0 - SUBJECT ADDED ENTRY--TOPICAL TERM
Topical term or geographic name entry element Statistics.
Linkage S176.1
949 ## - LOCAL PROCESSING INFORMATION (OCLC)
a HA29
w lcc
i -38350
m MAIN
t BOOK
l ON-SHELF

No items available.

© 2026 - The University of Zambia Library - Koha v25.11